Państwa w których stolica nie jest największa - nagła śmierć - Statystyki

Ogólne statystyki
  • Ten quiz został rozwiązany 95 razy
  • Średni wynik to 5 z 16
Answers on the Grid
Answers color-coded by a green-red scale on the quiz's grid according to % correct below.
Antigua i Barbuda
Australia
Austria
Egipt
Ekwador
Filipiny
Grecja
Gwinea Równikowa
Indie
Indonezja
Kanada
Kuwejt
Liechtenstein
Litwa
Palau
Panama
Papua-Nowa Gwinea
Peru
Polska
Portugalia
Republika Południowej Afryki
Republika Środkowoafrykańska
Samoa
San Marino
Somalia
Szwajcaria
Tajwan
Trynidad i Tobago
Ukraina
Wenezuela
Wietnam
Włochy
 
Statystyki odpowiedzi
Odpowiedź % Poprawnych
Australia
91%
Kanada
67%
Szwajcaria
67%
Indie
54%
Republika Południowej Afryki
44%
Wietnam
35%
San Marino
25%
Ekwador
21%
Liechtenstein
21%
Palau
18%
Tajwan
14%
Gwinea Równikowa
12%
Wenezuela
12%
Filipiny
11%
Kuwejt
11%
Trynidad i Tobago
11%
Nie znaleziono quizów pasujących do podanych kryteriów
Rozkład punktacji
Procent ludzi z każdym wynikiem
Percentyl według liczby udzielonych odpowiedzi
Twoja historia wyników
Nie rozwiązałeś tego quizu